000 00574nam a22001817a 4500
005 20251127122436.0
008 251124b |||||||| |||| 00| 0 eng d
020 _a978-93-48565-66-2
041 _aeng
082 _a615.2 TIW-H
100 _aTIWARI, ABHINAY. 2- JACOB, BLESSY 3- POTHEN, DR. BINCY. 4- TIWARI, DR. SHIVSHANKAR
_98776
245 _aHOSPITAL AND CLINICAL PHARMACY FOR DIPLOMA IN PHARMACY 2ND YEAR.
250 _a1ST ED. 2025
260 _aNEW DELHI
_bINNOVATIVE PUBLICATION PVT LTD
_c2025
300 _a183;P
650 _aPHARMACY
_xD.PHARMA
942 _cBK
999 _c8951
_d8949